000
00326nam a22001337a 4500
005
20230726113634.0
008
230726b ||||| |||| 00| 0 eng d
040
_c
AL
041
_a
eng
100
_a
Khwaja Ali
_9
128414
245
_a
Handbook on life skills
260
_a
Bangalore
_b
Banjara Academy
_c
2005
942
_2
ddc
_c
BK
999
_c
228138
_d
228138